Berühmte Kommunisten - Statistiken

Allgemein
  • Dieses Quiz wurde 230 mal gespielt
  • Das Durchschnittsergebnis liegt bei 10 aus 16
Antwortstatistiken
Bildquiz Antwort % Korrekt
Karl Marx
98%
Wladimir Iljitsch Lenin
97%
Josef Stalin
92%
Ernesto Che Guevara
86%
Fidel Castro
80%
Friedrich Engels
76%
Mao Zedong
70%
Kim Il-sung
68%
Erich Honecker
67%
Rosa Luxemburg
67%
Leo Trotzki
61%
Walter Ulbricht
55%
Ho Chi Minh
42%
Wilhelm Liebknecht
20%
Jean-Paul Sartre
11%
August Bebel
9%
Keine übereinstimmenden Quizze gefunden
Verteilung der Resultate
Anzahl Personen mit jedem Resultat
Perzentil nach korrekt beantworteten Fragen
Ihre Resultats-Entwicklung
Sie haben dieses Quiz noch nicht gespielt